Historia de Roma

Gespeichert in:
Bibliographische Detailangaben
1. Verfasser: Gálvez y Encinar, Roque.
Format: Buch
Sprache:Spanisch
Erschienen: Madrid Saturnino Calleja 1894
Katalog:MANES:  Suchergebnis im Bibliothekskatalog
Schulbuchspezifische Eigenschaften:
Tags: Tag hinzufügen
Keine Tags, Fügen Sie den ersten Tag hinzu!
Hinzugefügt zu:20.04.2018
Geändert in:21.04.2018

MARC

LEADER 00000nam a2200000 4500
005 20180421134203.0
008 180421b xxu||||| |||| 00| 0 spa d
040 |a centro_manes  |c universidad_colima 
100 |9 21797  |a Gálvez y Encinar, Roque. 
245 |a Historia de Roma 
260 |a Madrid  |b Saturnino Calleja  |c 1894 
300 |a 156 p.   |c 23 cm. 
500 |a Aparece: Francisco Ziga, "Bibliografía Pedagógica. Libros de texto para enseñanza primaria:1850-1970 V. Libros de Historia" en Boletín del Instituto de Investigaciones Bibliográficas 1981-1982, Biblioteca Nacional, Hemeroteca Nacional, Universidad Nacional Autónoma de México, Nos. 18 - 19,p. 119.   |a ils. (Biblioteca Enciclopédica para Niños). 
546 |a México 
690 0 |a HI 
691 0 |a PRI 
942 |2 ddc  |c BK 
999 |c 50481  |d 50481 
999 |c manes:50481  |d 50481